UK Birds by Picture (Gulls Special) - Statistics

General Stats
  • This quiz has been taken 63 times
  • The average score is 10 of 15
Answer Stats
Picture Answer % Correct
Black-Headed Gull
98%
Herring Gull
90%
Kittiwake
90%
Common Gull
88%
Mediterranean Gull
82%
Lesser Black-Backed Gull
78%
Iceland Gull
76%
Greater Black-Backed Gull
73%
Little Gull
73%
Yellow-Legged Gull
67%
Glaucous Gull
61%
Sabine's Gull
47%
Ring-Billed Gull
45%
Caspian Gull
43%
Laughing Gull
31%
No matching quizzes found
Score Distribution
Percent of People with Each Score
Percentile by Number Answered
Your Score History
You have not taken this quiz